000 00458cam a2200169ua 4500
020 _a81 203 0975 8
082 _a631.42
_bTIS/SO
100 _aTisdale, Samuel L .
245 _aSoil fertility and fertilizers /
250 _a5 / 7th Indian
260 _aNew Delhi :
_bPrentice Hall of India Pvt Ltd. ,
_c1997.
300 _a634 ; .
700 1 _aBeaton , James D .
700 1 _aHavlin , John L .
700 1 _aNelson , Werner L .
942 _cBK
999 _c9477
_d9477